American economic journal. Macroeconomics a journal of the American Economic Association

Αποθηκεύτηκε σε:
Λεπτομέρειες βιβλιογραφικής εγγραφής
Συγγραφή απο Οργανισμό/Αρχή: American Economic Association
Μορφή: Περιοδική έκδοση
Γλώσσα:English
Δημοσίευση: Broadway : American Economic Association, 2009-
Θέματα:
Ετικέτες: Προσθήκη ετικέτας
Δεν υπάρχουν, Καταχωρήστε ετικέτα πρώτοι!

MARC

LEADER 00000nas a2200000 i 4500
001 1/9714
008 100723c20099999uk eng d
022 |a 19457707 
035 |l 10108746 
040 |a GR-MY-UA  |b gre  |e aacr 
041 0 |a eng 
082 0 |a 339 
110 2 |a American Economic Association. 
245 1 0 |a American economic journal. Macroeconomics  |h [περιοδικό] :  |b a journal of the American Economic Association 
260 |a Broadway :   |b American Economic Association,   |c 2009- 
300 |a v.;  |c 25 εκ. 
310 |a Τριμηναίο 
500 |a Κατά τη διάρκεια του 2009 το περιοδικό εκδόθηκε 2 φορές 
650 0 0 |a Macroeconomics. 
853 |a INST  |b CHIOS  |c SER  |h 339 
901 |a BIBL2-2010-2 
922 |a 2ΕΛΗ  |b 200903  |c ΚΕΝΤΡΙΚΗ ΒΙΒΛΙΟΘΗΚΗ  |d ΧΑΡΤΣΙΑΣ 
970 |a ΣΠΕΝΤΖΑ  |b ΕΛΕΝΗ  |z 2010/07/23